| 000 | 01038nam a2200325 a 4500 | ||
|---|---|---|---|
| 001 | 42572 | ||
| 003 | BD-RjUL | ||
| 005 | 20211209053548.0 | ||
| 008 | 160614s1975 cau b 001 0 eng | ||
| 020 |
_a081791451X _c : $7.00 |
||
| 035 | _a(BD-RjUL)42690 | ||
| 035 | _a243219 | ||
| 040 |
_aLC _beng _cLC _dBD-RjUL |
||
| 041 | _aeng | ||
| 082 | 0 | 4 |
_a329.962 _223 _bJAE 1975 |
| 100 | 1 |
_aJankowski, James P. _d1937- _9130886 |
|
| 245 | 1 | 0 |
_aEgypt's young rebels : _b"Young Egypt," 1933-1952 / _cJames P. Jankowski. |
| 260 |
_aStanford, Calif. : _bHoover Institution Press, _c1975 |
||
| 300 |
_avii, 176 p. ; _c24 cm. |
||
| 490 | 1 | _aHoover Institution publications ; 145 | |
| 500 | _aIncludes index. | ||
| 504 | _aBibliography: p. 155-167. | ||
| 505 | 0 | _aIncludes index. | |
| 610 | 2 | 0 |
_aHizb Misr al-Fatah. _9130889 |
| 610 | 2 | 4 |
_aHizb Misr al-Fatah. _9130889 |
| 650 |
_aEgypt _xPolitics and government _y1919-1952. _9130888 |
||
| 830 | 0 |
_aHoover Institution publication ; _v145. _9130059 |
|
| 942 |
_2ddc _cBK |
||
| 999 |
_c42572 _d42572 |
||